El templo del jaguar /
Gespeichert in:
| 1. Verfasser: | |
|---|---|
| Format: | Buch |
| Sprache: | Spanish |
| Veröffentlicht: |
[San José] :
Editorial Costa Rica,
[1984]
|
| Schriftenreihe: | Ensayo poético ;
4 |
| Schlagworte: | |
| Tags: |
Tag hinzufügen
Keine Tags, Fügen Sie den ersten Tag hinzu!
|
MARC
| LEADER | 00000cam a22000007a 4500 | ||
|---|---|---|---|
| 001 | 331128 | ||
| 005 | 20170512090101.0 | ||
| 008 | 850403s1984 cr a 000 1 spa | ||
| 020 | |a 9977231265 | ||
| 040 | |d CSt |d NNC |d CRU CIICLA | ||
| 082 | |a CR864.4 |b A445t | ||
| 090 | |a PQ7489.2.A43 |b T4 1984g | ||
| 100 | 1 | |a Alvarez Araya, Oscar, |d 1950- | |
| 245 | 1 | 3 | |a El templo del jaguar / |c Oscar Alvarez. |
| 260 | |a [San José] : |b Editorial Costa Rica, |c [1984] | ||
| 300 | |a 151 páginas : |b ilustraciones. | ||
| 490 | 1 | |a Ensayo poético ; |v 4 | |
| 500 | |a Contenido parcial. | ||
| 505 | |t Hisoria de la judería de Córdoba | ||
| 505 | |t La Biblioteca Maya de Mérida | ||
| 505 | |t Viracocha | ||
| 505 | |t Mayas | ||
| 505 | |t Dones | ||
| 505 | |t Sueño | ||
| 505 | |t Magia negra | ||
| 505 | |t Y la tierra tembló | ||
| 505 | |t Escoger | ||
| 505 | |t Cielo-infierno | ||
| 505 | |t Y si despierta | ||
| 505 | |t Posibilidad | ||
| 505 | |t Sueño no literario | ||
| 505 | |t La hoguera para enseñar | ||
| 505 | |t La luz | ||
| 505 | |t El fin del mundo | ||
| 505 | |t El devoto de Krsna | ||
| 505 | |t Libros de historia | ||
| 505 | |t Empezar de nuevo | ||
| 505 | |t Ciudad Cutris | ||
| 505 | |t La tierra como tortuga | ||
| 505 | |t La cabaña de Monteverde | ||
| 650 | 7 | |9 76 |a LITERATURA COSTARRICENSE |v ENSAYOS | |
| 942 | |2 ddc |c BK | ||
| 999 | |c 3598 |d 3598 | ||



